000 00971nam a22003137a 4500
003 CHAP
005 20220920175804.0
008 971013s r 00010 d
010 _a22961
011 _a23933
035 _a28030
040 _cCHAP
090 _aFolleto 6111
100 0 0 _aDurán, José J.
_934724
245 _aImportancia de las substancias nutritivas en la alimentación de los animales
260 _aCd. Juárez, Chih. :
_bEscuela Particular de Agricultura,
_c(s.a.)
300 _a8 p.
490 _aBoletín 2a. serie
_v; 64
590 _aBATCH-UPD
_b10
_c20130110
590 _aBATCH-UPD
_b10
_c20130410
590 _aBATCH-UPD
_b10
_c20130914
590 _aBATCH-UPD
_b10
_c20130914
590 _aCONVERSION
_b10
_c20130109
650 1 4 _aAlimentos y alimentación del ganado
_xValor nutritivo.
_94347
830 0 _aBoletín 2a. serie
_v; 64
_913508
901 _aBK
942 _cFOLL
_2local
949 _bBC
_cFOLL
_d-64678
_eBPP
_i28030
_mD
_si
999 _c22961
_d22961